000 00780nam a2200253Ia 4500
008
020 _a0072950463 (hbk.)
049 _aMAIN
090 _aTL570
_bAND
100 1 _aAnderson, John D.
245 1 0 _a Fundamentals of aerodynamics /
_cJohn D. Anderson.
250 _a4th ed.
260 _aNew York :
_bMcGraw-Hill,
_cc2007.
300 _a xxiv,1008 p. :
_bill. ;
_c23 cm.
440 0 _aMcGraw-Hill series in aeronautical and aerospace engineering.
500 _aIncludes index.
504 _aIncludes bibliographical references.
650 0 _aAerodynamics
_vProblems, exercises, etc.
907 _a.b1028882x
_b21-02-13
_c16-12-10
003
005 20230123125227.0
040 _cNUST
942 _cBOOKS
_kTL570
_mAND
999 _c137920
_d137920